| 000 | 00524nam a2200169Ia 4500 | ||
|---|---|---|---|
| 999 |
_c20060 _d20060 |
||
| 082 | _a307.72095484 SUB-; | ||
| 100 | _aSubrahmanyam, Y. Subhashini | ||
| 245 | 0 | _aSocial change in village India: an Andhra case study | |
| 260 |
_aNew Delhi _bPrithvi Raj Publishers _c1975 |
||
| 300 | _a213p. | ||
| 650 | _aSocial change | ||
| 650 | _aAndhra Pradesh - Rural conditions | ||
| 650 | _aSocial classes - Andhra Pradesh | ||
| 650 | _aVillage communities - Andhra Pradesh | ||
| 650 | _aSociology - Andhra Pradesh | ||
| 942 | _cBK | ||